The sociology of leisure /

Сохранить в:
Библиографические подробности
Главный автор: Pronovost, Gilles
Формат: Текст
Метки: Добавить метку
Нет меток, Требуется 1-ая метка записи!

MARC

LEADER 00000 a a2200000 04500
001 48672
003
040
100 |a Pronovost, Gilles  
245 |a The sociology of leisure /  |c Gilles Pronovost  
773 |g volumen 46, número 3, (1998)  
999 |c 22859  |d 22859